Geriatric Nursing: (Record no. 425)

MARC details
000 -LEADER
Fixed length control field 00611nam a2200205Ia 4500
003 - CONTROL NUMBER IDENTIFIER
Control field IIN
005 - DATE AND TIME OF LATEST TRANSACTION
Control field 20240109121052.0
008 - FIXED-LENGTH DATA ELEMENTS--GENERAL INFORMATION
Fixed length control field 231217s9999 xx 000 0 und d
020 ## - INTERNATIONAL STANDARD BOOK NUMBER / ISBN
Price Rs.210.00
International Standard Book Number 9788123919997
040 ## - CATALOGING SOURCE
Original cataloging agency IIN
Language of cataloging English
082 ## - DEWEY DECIMAL CLASSIFICATION NUMBER
Classification number 610.73
Book Number BHA
100 1# - MAIN ENTRY--PERSONAL NAME
Personal name Bhattacharjee, Tapati
245 1# - TITLE STATEMENT
Title Geriatric Nursing:
Sub title Nursing Care of the Elderly
Statement of responsibility Tapati Bhattacharjee
260 ## - IMPRINT
Name of publisher CBS
Place of publication New Delhi
Date of publication 2014
300 ## - PHYSICAL DESCRIPTION
Page / Vol. No xvi, 92 p.
500 ## - GENERAL NOTE
General note This book contain: Old ages patient nursing care, Treatment , etc.
650 1# - SUBJECT ADDED ENTRY--TOPICAL TERM
Topical term Foundation
Form subdivision Nursing
650 1# - SUBJECT ADDED ENTRY--TOPICAL TERM
Topical term Geriatric Nursing
942 ## - ADDED ENTRY ELEMENTS (KOHA)
Koha item type Books
Holdings
Withdrawn status Lost status Source of classification Damaged status Not for loan Collection code Home library Current library Date acquired Price Total Checkouts Call number Accession number Date last seen Price effective from Koha item type
    Dewey Decimal Classification       IDEAL INSTITUTE OF NURSING IDEAL INSTITUTE OF NURSING 17/12/2023 210.00   610.73 BHA 420 17/12/2023 17/12/2023 Books
    Dewey Decimal Classification       IDEAL INSTITUTE OF NURSING IDEAL INSTITUTE OF NURSING 17/12/2023 210.00   610.73 BHA 421 17/12/2023 17/12/2023 Books
© Ideal Institute Of Nursing, All rights reserved.         Powered by Koha